00697nam a2200193 a 450000100100000000500170001000800410002704000250006808200150009310000280010824500850013626000620022130000210028350000240030470000360032804900090036495201130037399900170048600002542020200930023757.0100702s1960 xxu r 000 |aspa d aDO-SdBNPbspacBNPHU axxxbB972b1 aBurroughs, P. E.95202510aBosquejo de historia sagrada /cP. E. Burroughs; traducción A. S. Rodríguez. aEl Paso, Texas :bCasa Bautista de Publicaciones ,c1960. a138 p. ;c19 cm. atercera impresión1 aRodríguez , A. S.etr.952026 aBNGR 001050718MOaGRbGRcCTd2011-02-15iLF1l0oxxx B972bp25420-10r2020-06-25w2020-06-25y1ZNo se presta c24912d24912